00449pab a2200133 454500008004000000100001800040245012900058260000900187300001500196362001200211650003300223650001500256773004400271180718b2011 xxu||||| |||| 00| 0 eng d aKapadia, S.H. aLandmark judgment on Central Vigilance Commission in the Supreme Court of India writ petition (c) No. 348 of 2010 (Document) c2011 ap.818-848. aJul-Sep aCentral Vigilance Commission aCorruption aIndian Journal of Public Administration